Snow treasure / (Record no. 4717)
[ view plain ]
| 000 -LEADER | |
|---|---|
| fixed length control field | 01815nam a22003017a 4500 |
| 001 - CONTROL NUMBER | |
| control field | 4717 |
| 003 - CONTROL NUMBER IDENTIFIER | |
| control field | FISKH |
| 005 - DATE AND TIME OF LATEST TRANSACTION | |
| control field | 20240925102756.0 |
| 008 - FIXED-LENGTH DATA ELEMENTS--GENERAL INFORMATION | |
| fixed length control field | 240925b cb ||||| |||| 00| 0 eng d |
| 020 ## - INTERNATIONAL STANDARD BOOK NUMBER | |
| International Standard Book Number | 9780590425377 |
| 040 ## - CATALOGING SOURCE | |
| Original cataloging agency | FISKH |
| Language of cataloging | eng |
| Transcribing agency | FISKH |
| Modifying agency | FISKH |
| 050 ## - LIBRARY OF CONGRESS CALL NUMBER | |
| Classification number | PZ7.M248 |
| 082 ## - DEWEY DECIMAL CLASSIFICATION NUMBER | |
| Edition number | 372.64 |
| 100 ## - MAIN ENTRY--PERSONAL NAME | |
| Personal name | Mcswigan, Marie |
| Dates associated with a name | (1902–1962) |
| 245 ## - TITLE STATEMENT | |
| Title | Snow treasure / |
| Statement of responsibility, etc. | Marie Mcswigan illustrated by Andre lablanc |
| 250 ## - EDITION STATEMENT | |
| Edition statement | 1958 |
| 260 ## - PUBLICATION, DISTRIBUTION, ETC. | |
| Place of publication, distribution, etc. | New York : |
| Name of publisher, distributor, etc. | Scholastic, |
| Date of publication, distribution, etc. | 1958. |
| 300 ## - PHYSICAL DESCRIPTION | |
| Extent | 156 pages : |
| Other physical details | illustrations ; |
| Dimensions | 20cm |
| 505 ## - FORMATTED CONTENTS NOTE | |
| Formatted contents note | R<br/> |
| 520 ## - SUMMARY, ETC. | |
| Summary, etc. | Juvenile Fiction. Juvenile Literature. For 12-year-old Peter Lundstrom, the Norwegian winter of 1940 begins like any other. When he isn't in school, he spends the cold days outside, going sledding in the deep snow of his mountain village. But all around him, the adults are talking about the war that is raging through much of Europe. One day Uncle Victor warns that German soldiers will invade soon. He believes they will try to steal the bank's gold bullion. But he has a daring plan to protect the treasure. The only trouble is-it relies on Peter and his friends. Will the village children be able to fool the suspicious Nazis? Marie McSwigan's exciting Snow Treasure is based on the tale a Norwegian ship captain told as he unloaded a cargo of gold in Baltimore. Though the children and the village were never identified, the story is thought to be true by many. Narrator John McDonough's stirring performance captures the tension and adventure as Peter and his friends risk their lives to help their country. |
| 521 8# - TARGET AUDIENCE NOTE | |
| Target audience note | 690L<br/> |
| Source | Lexile<br/> |
| 521 8# - TARGET AUDIENCE NOTE | |
| Target audience note | R<br/> |
| Source | Raz-Plus<br/> |
| 650 ## - SUBJECT ADDED ENTRY--TOPICAL TERM | |
| Source of heading or term | Norway |
| Topical term or geographic name entry element | WWII |
| 650 ## - SUBJECT ADDED ENTRY--TOPICAL TERM | |
| Source of heading or term | Historical fiction |
| Topical term or geographic name entry element | Adventure |
| 700 ## - ADDED ENTRY--PERSONAL NAME | |
| Personal name | Lablanc, Andre |
| Dates associated with a name | Illustrator |
| 942 ## - ADDED ENTRY ELEMENTS (KOHA) | |
| Source of classification or shelving scheme | Dewey Decimal Classification |
| Koha item type | Books |
| Suppress in OPAC | No |
| Withdrawn status | Lost status | Source of classification or shelving scheme | Damaged status | Not for loan | Collection | Home library | Current library | Shelving location | Date acquired | Total Checkouts | Full call number | Barcode | Date last seen | Copy number | Price effective from | Koha item type |
|---|---|---|---|---|---|---|---|---|---|---|---|---|---|---|---|---|
| Dewey Decimal Classification | Juvenile Fiction | Footprints International School Library Network Toul Kork Campus | Footprints International School Library Network Toul Kork Campus | TTP Primary Orange Bookshelves | 09/25/2024 | MCS 372.64 PZ7.M248 | 2024-2075 | 09/25/2024 | 1 | 09/25/2024 | Books |
